Our Lord's parables. (Record no. 7400)

000 -LEADER
fixed length control field 00651nam a2200205 a 4500
001 - CONTROL NUMBER
control field :::00005161$&:&@@
003 - CONTROL NUMBER IDENTIFIER
control field OkBaRHE
005 - DATE AND TIME OF LATEST TRANSACTION
control field 20100401144916.0
008 - FIXED-LENGTH DATA ELEMENTS--GENERAL INFORMATION
fixed length control field s1980 j 000 0 eng u
020 ## - INTERNATIONAL STANDARD BOOK NUMBER
International Standard Book Number 0310415411
040 ## - CATALOGING SOURCE
Transcribing agency
100 1# - MAIN ENTRY--PERSONAL NAME
Personal name McQuilkin, Robert Crawford, 1886-1952.
245 10 - TITLE STATEMENT
Title Our Lord's parables.
250 ## - EDITION STATEMENT
Edition statement Rev. ed.
260 ## - PUBLICATION, DISTRIBUTION, ETC. (IMPRINT)
Place of publication, distribution, etc Grand Rapids, MI., :
Name of publisher, distributor, etc Zondervan Pub. House
Date of publication, distribution, etc c1980
300 ## - PHYSICAL DESCRIPTION
Extent 203 p. ;
Dimensions 21 cm.
650 ## - SUBJECT ADDED ENTRY--TOPICAL TERM
Topical term or geographic name as entry element Jesus Christ
General subdivision Parables
-- Study
942 ## - ADDED ENTRY ELEMENTS (KOHA)
Source of classification or shelving scheme
Koha item type Books
Copies
Withdrawn status Copy number Lost status Koha item type Permanent Location Damaged status Full call number Source of classification or shelving scheme Barcode Not for loan Shelving location Price effective from Date acquired Date last seen
 1 BooksRHEMA Bible Training College BT 377 .M3 1980 5161 General Stacks2010-04-142010-04-142010-12-02